000 00951nam a22002297a 4500
999 _c65096
_d65096
005 20240530110807.0
008 190115s2019 ua a g 000 0 ara d
017 _a2018/2210
_bمصر. دار الكتب
020 _a9789776563568
040 _aEG-CaGPL
_cEG-CaGPL
082 0 4 _221
_a961.211 /
_bب م
100 1 _aبريستوبينو ، فرنشيسكو
245 1 0 _aمدينة بنغازى من خلال عدسة مصور فوتوغرافى :
_bاستيطان بنغازى ( 1912 - 1941 ) /
_cفرنشيسكو بريستوبينو ؛ تقديم لويجى جوليا ؛ ترجمة ابراهيم احمد المهدى
250 _aط.1
260 _aبنغازى :
_c2019 .
300 _a294 ص. :
_bايض ؛
_c24 سم.
651 0 7 _2qrmak
_aليبيا
_xتاريخ
651 0 7 _aبنغازى
_xتاريخ
700 0 _aابراهيم احمد المهدى
_eمترجم
942 _2ddc
_cBK